000 00506nam a2200205Ia 4500
003 OSt
005 20230327100444.0
008 210423s2005 xx 000 0 und d
020 _a8188658936
040 _cAL
041 _aeng
082 _a540
_223
_bGHON
100 _aGHOSH (Narendra N).
_978086
245 _aSupramolecular chemistry.
260 _aNew Delhi
_bShree Publishers
_c2005
300 _av,248
_bHB
365 _b600
_cINR
906 _achemistry. ; Supramolecular
942 _2ddc
_cBK
999 _c154085
_d154085